00000000nam##2200000za#4500
0019.615729
003CaOODSP
00520211126112847
007ta
008150406|2001||||xxc|||||     f|0| 0 eng|d
022 |a1192-5434
040 |aCaOODSP|beng
043 |an-cn---
0861 |aFB3-2/101-13E
1102 |aBank of Canada.
24510|aPredetermined prices and the persistent effects of money on output / |cby Michael B. Devereux and James Yetman.
260 |aOttawa - Ontario : |bBank of Canada |c2001.
300 |av, 13p. : |bfigs., graphs, references ; |c28 cm.
4901 |aWorking paper|x1192-5434|v2001-13
500 |a"This paper illustrates a model of predetermined pricing, where firms set a fixed schedule of nominal prices at the time of price readjustment, based on the work of Fischer (1977)."--Abstract.
5203 |aThis paper illustrates a model of predetermined pricing, where firms set a fixed schedule of nominal prices at the time of price readjustment, based on the work of Fischer (1977).--Abstract
546 |aRésumés en français
563 |aSoftcover
590 |a01-33|b2001-08-17
69007|aPrices|2gcpds
69007|aFinancial management|2gcpds
7201 |aYetman, James
7201 |aDevereux, Michael B.
7760#|tPredetermined prices and the persistent effects of money on output / |w(CaOODSP)9.571568
830#0|aWorking paper,|x1192-5434|v2001-13|w(CaOODSP)9.514622